Porovnanie metód klasifikácie pri biometrickom rozpoznávaní tváre

Salvato in:
Dettagli Bibliografici
Autore principale: Češek, Michal (Autore)
Altri autori: Sopiak, Dominik (Relatore della tesi)
Natura: Manoscritto Libro
Lingua:slovacco
Pubblicazione: 2017
Soggetti:
Accesso online:http://is.stuba.sk/zp/portal_zp.pl?podrobnosti=107051
Tags: Aggiungi Tag
Nessun Tag, puoi essere il primo ad aggiungerne!!

MARC

LEADER 00000ntm a22000003a 4500
001 stuzp56787
003 SK-STU
005 20170731112154.0
007 ta
008 150427s2015----xo-----f-mn---000-0-slo-d
040 |a STU  |b slo 
041 0 |a slo 
044 |a xo 
100 1 |a Češek, Michal  |u 035000  |4 aut  |U FEI Fakulta elektrotechniky a informatiky  |T FEI Ústav informatiky a matematiky  |X 72734  |U E050  |Y 816  |7 72734 
242 0 1 |a Comparison of methods in biometric face recognition  |y eng 
245 1 0 |a Porovnanie metód klasifikácie pri biometrickom rozpoznávaní tváre 
260 |c 2017 
300 |a 37 s.,  |b CD-ROM 
650 4 |a rozpoznávanie tváre  |2 slo 
650 4 |a klasifikácia  |2 slo 
650 4 |a biometria  |2 slo 
650 4 |a biometrics  |2 eng 
650 4 |a face recognition  |2 eng 
650 4 |a classification  |2 eng 
700 1 |a Sopiak, Dominik  |u 035000  |k Z3  |4 ths  |U FEI Fakulta elektrotechniky a informatiky  |T FEI Ústav informatiky a matematiky  |X 64721  |U E050  |Y 816  |7 A000064721 
856 4 |u http://is.stuba.sk/zp/portal_zp.pl?podrobnosti=107051 
996 |b 284ER02532  |c E*Bc- 2532  |l EE35  |s P  |a 0  |w stuzp56787_0001